000 00526nam a2200181Ia 4500
008 240729s9999 xx 000 0 und d
022 _a2770-5846
245 0 _aPortal Hypertension & Cirrhosis
260 _aUnited Kingdom
260 _bWiley
650 _a Diseases of the digestive system. Gastroenterology
650 _a Internal medicine
650 _a Specialties of internal medicine
650 _aMedicine
856 _uhttps://doaj.org/toc/9778e1ca76d0457981533637b80c7d45
942 _2ddc
942 _cDOAJEJ
999 _c68575
_d68575
945 _a1
_bMadushi Gamage
_c1
_dMadushi Gamage